| 000 | 00401nam a22001457a 4500 | ||
|---|---|---|---|
| 082 | _aBEE-5 ABD | ||
| 100 |
_aAbdul Manan _993564 |
||
| 245 | _aHome automation system and power monitoring | ||
| 260 |
_aIslamabad _bNUST SEECS _c2013 |
||
| 300 | _a63p. : | ||
| 500 | _aSupervisor: Mr. Nasir Mehmood | ||
| 563 | _aHB | ||
| 856 | _uhttp://10.250.8.41:8080/xmlui/handle/123456789/10707 | ||
| 942 |
_cPR _2ddc |
||
| 999 |
_c12775 _d12775 |
||